000 00697nam a2200253Ia 4500
003 OSt
005 20220918190505.0
006 a|||||r|||| 00| 0
007 ta
008 220917b |||||||| |||| 00| 0 eng d
024 _a57,185
037 _cTextual
040 _aARTS
_cARTS
_beng
041 _2eng
_aeng
082 _aP:(B), K3 (PD)
100 _aShannon Claude E
_972839
245 0 _aMathematical theory of communication
260 _aUrbana
_bUniv Of Illioois Press
_c1964
300 _a125p.
_ccm.
650 _aLINGUISTICS
700 _a Weaver Warren
_972840
942 _hP:(B), K3 (PD)
_cTEXL
_2CC
999 _c185442
_d185442